000 00488nam a2200193Ia 4500
005 20250326142614.0
008 250326s9999 xx 000 0 und d
037 _aTextbook
040 _aFMSL
_beng
_cFMSL
041 _aeng
_2eng
084 _qFMSL
100 _aKOTHARI'S
_9102526
245 0 _aIndustrial Directory of India
_cKOTHARI'S
250 _aed38
260 _aMadras
_bMadras, Kothari Enterprises
_c1992
300 _av.
942 _cTB
999 _c1295795
_d1295795